01089nam a2200157 a 4500020002700000020003000027082001400057245009200071250001200163260002400175300001300199490002500212520060700237700001700844856007000861 a063201718X (hardcover) a9780632017188 (hardcover) a541.3 SHA10aRecommended reference materials for the realization of physicochemical properties / a1st ed. aIndiabVikasc1991. a737 p. ;1 aIupac chemical data. aThis definitive volume, containing contributions from internationally acclaimed experts, provides a comprehensive review of the various materials which can be used as references for checking the correct operation or for the calibration of equipment used for physicochemical measurement. The important areas covered include density, viscosity, enthalpy, thermal and electrolytic conductivity, optical rotation and refraction, and relative molar mass. It will become an essential reference text for all physical and analytical chemists and chemical engineers, and those working in standards laboratories.1 aMarsh, K. N.40uhttp://www.amazon.com/exec/obidos/ASIN/063201718X/chopaconline-20